[Event "XIX. DBMM Schach"]
[Site "Billerbeck"]
[Date "2019.09.07"]
[Round "6.2"]
[White "Kludszuweit, Kim Ira"]
[Black "Hein, Ralf"]
[Result "0-1"]
[WhiteElo "1665"]
[BlackElo "2062"]
[Annotator "br"]
[PlyCount "70"]
[EventDate "2019.09.??"]
[EventType "team-swiss"]
[EventRounds "7"]
[EventCountry "GER"]
[SourceTitle "XIX. DBMM 2019"]
[Source "FV Schach e.V."]
[SourceDate "2019.09.09"]
[SourceVersion "4"]
[SourceVersionDate "2019.10.16"]
[SourceQuality "1"]
[WhiteTeam "Vodafone Duesseldorf II"]
[BlackTeam "Baubehoerde Hamburg"]
[WhiteTeamCountry "GER"]
[BlackTeamCountry "GER"]

1. c4 c5 2. Nc3 Nc6 3. e3 e5 4. Nf3 f5 5. d3 Nf6 6. Be2 g6 7. a3 Bg7 8. O-O O-O
9. Rb1 d6 10. Bd2 b6 11. b4 Ne7 12. a4 h6 13. bxc5 bxc5 14. Ne1 Bd7 15. Nb5 Bc6
16. Nc2 a6 17. Nc3 Qd7 18. Ra1 Rfb8 19. d4 cxd4 20. exd4 Ne4 21. d5 Nxc3 22.
dxc6 Nxe2+ 23. Qxe2 Nxc6 24. Rab1 e4 25. Bf4 Ne5 26. Rbd1 Nd3 27. Be3 Qxa4 28.
Bd4 Qxc4 29. Bxg7 Kxg7 30. Ne3 Qe6 31. Rb1 f4 32. Nc2 d5 33. Nd4 Qf6 34. Nb3 f3
35. gxf3 Qg5+ 0-1

[Event "XIX. DBMM Schach"]
[Site "Billerbeck"]
[Date "2019.09.07"]
[Round "6.3"]
[White "Buchholz, Robert"]
[Black "Baader, Matthieu"]
[Result "1-0"]
[WhiteElo "1988"]
[BlackElo "1420"]
[Annotator "br"]
[PlyCount "81"]
[EventDate "2019.09.??"]
[EventType "team-swiss"]
[EventRounds "7"]
[EventCountry "GER"]
[SourceTitle "XIX. DBMM 2019"]
[Source "FV Schach e.V."]
[SourceDate "2019.09.09"]
[SourceVersion "4"]
[SourceVersionDate "2019.10.16"]
[SourceQuality "1"]
[WhiteTeam "Baubehoerde Hamburg"]
[BlackTeam "Vodafone Duesseldorf II"]
[WhiteTeamCountry "GER"]
[BlackTeamCountry "GER"]

1. d4 e6 2. Nf3 c5 3. c4 cxd4 4. Nxd4 Nc6 5. Nb5 a6 6. Nd6+ Bxd6 7. Qxd6 Nge7
8. Nc3 O-O 9. e3 b6 10. Bd3 Bb7 11. O-O h6 12. b3 f5 13. Ba3 Rf7 14. Rad1 Ng6
15. Be2 Qb8 16. Qxb8+ Rxb8 17. Bd6 Rd8 18. Na4 b5 19. Nc5 Ba8 20. cxb5 axb5 21.
Bxb5 Nb4 22. Nxe6 dxe6 23. Bxb4 Rb8 24. Bc4 Rxb4 25. Bxe6 Rb8 26. Rd7 Ne5 27.
Ra7 Kf8 28. Bxf7 Nxf7 29. Rc1 Be4 30. f3 Bd3 31. Rcc7 Ne5 32. Rxg7 Rc8 33. Rh7
Ng6 34. Rxh6 f4 35. exf4 Rc2 36. h4 Kg8 37. g3 Bf5 38. h5 Nf8 39. Rf6 Bh3 40.
Ra8 Rg2+ 41. Kh1 1-0

[Event "XIX. DBMM Schach"]
[Site "Billerbeck"]
[Date "2019.09.07"]
[Round "6.1"]
[White "Decker, Ingo"]
[Black "Feikes, Joerg"]
[Result "0-1"]
[WhiteElo "1678"]
[BlackElo "2063"]
[Annotator "jf"]
[PlyCount "138"]
[EventDate "2019.09.??"]
[EventType "team-swiss"]
[EventRounds "7"]
[EventCountry "GER"]
[SourceTitle "XIX. DBMM 2019"]
[Source "FV Schach e.V."]
[SourceDate "2019.09.09"]
[SourceVersion "4"]
[SourceVersionDate "2019.10.16"]
[SourceQuality "1"]
[WhiteTeam "SG Airbus Bremen"]
[BlackTeam "BA Tempelhof Berlin"]
[WhiteTeamCountry "GER"]
[BlackTeamCountry "GER"]

1. e4 e5 2. Nf3 Nc6 3. Bc4 Nf6 4. d3 Bc5 5. O-O d6 6. c3 a6 7. b4 Ba7 8. a4 Ne7
9. h3 Ng6 10. Ng5 O-O 11. Be3 h6 12. Bxa7 Rxa7 13. Nf3 Re8 14. Nbd2 Be6 15.
Bxe6 Rxe6 16. d4 exd4 17. Nxd4 Re8 18. f3 d5 19. Re1 dxe4 20. Nxe4 Nxe4 21.
fxe4 Ra8 22. Qc2 Ne5 23. Rf1 g6 24. Rae1 Qd6 25. Nf3 Rad8 26. a5 c5 27. Nxe5
Qxe5 28. Qf2 Re7 29. bxc5 Qxc3 30. Qe3 Qxa5 31. Rd1 Rde8 32. Qxh6 Qxc5+ 33. Kh1
Qe5 34. Rf3 Qg7 35. Qg5 Rxe4 36. Qd5 Re1+ 37. Rf1 Rxd1 38. Rxd1 Re7 39. Qd8+
Qf8 40. Qb6 Kh7 41. Rd8 Qg7 42. Qb4 Qa1+ 43. Kh2 Qe5+ 44. Kh1 Qe1+ 45. Qxe1
Rxe1+ 46. Kh2 Re7 47. Kg3 Kg7 48. Kf4 Kf6 49. g4 g5+ 50. Kf3 Re6 51. Rd7 b5 52.
Rd5 Kg6 53. Rd8 a5 54. Rb8 Re5 55. Rb6+ f6 56. Ra6 a4 57. Ra5 Rc5 58. Ke3 Rc3+
59. Ke4 Rxh3 60. Rxb5 Rg3 61. Ra5 Rxg4+ 62. Kf3 Rb4 63. Ra6 g4+ 64. Kg3 Kg5 65.
Ra8 Rb3+ 66. Kg2 a3 67. Ra7 f5 68. Ra8 Rb2+ 69. Kf1 a2 0-1

[Event "XIX. DBMM Schach"]
[Site "Billerbeck"]
[Date "2019.09.07"]
[Round "6.2"]
[White "Kettenburg, Stefan"]
[Black "Hueners, Rolf"]
[Result "1-0"]
[WhiteElo "2075"]
[BlackElo "1400"]
[Annotator "br"]
[PlyCount "79"]
[EventDate "2019.09.??"]
[EventType "team-swiss"]
[EventRounds "7"]
[EventCountry "GER"]
[SourceTitle "XIX. DBMM 2019"]
[Source "FV Schach e.V."]
[SourceDate "2019.09.09"]
[SourceVersion "4"]
[SourceVersionDate "2019.10.16"]
[SourceQuality "1"]
[WhiteTeam "BA Tempelhof Berlin"]
[BlackTeam "SG Airbus Bremen"]
[WhiteTeamCountry "GER"]
[BlackTeamCountry "GER"]

1. d4 Nf6 2. c4 d5 3. Nc3 e6 4. cxd5 Nxd5 5. e4 Nxc3 6. bxc3 c6 7. f4 Nd7 8.
Nf3 Nf6 9. Bd3 c5 10. O-O Rb8 11. Bb2 Qc7 12. Ne5 Bd6 13. Qf3 O-O 14. Rae1 Bxe5
15. fxe5 Ne8 16. Ba3 b6 17. Qh5 Bb7 18. Rf4 Qe7 19. Rh4 h6 20. Bc1 g5 21. Bxg5
Qxg5 22. Rg4 Ng7 23. Rxg5 hxg5 24. Qxg5 Rbd8 25. Qe3 Rd7 26. Bb5 Re7 27. Rd1
cxd4 28. cxd4 a6 29. Bc4 b5 30. Bb3 f5 31. Qg5 Ree8 32. exf5 Rxf5 33. Qg6 Be4
34. Qg4 Bc6 35. Rd3 b4 36. Rg3 Rf7 37. Bxe6 Rxe6 38. Qxe6 Bb5 39. Qb3 Kf8 40.
Rf3 1-0

[Event "XIX. DBMM Schach"]
[Site "Billerbeck"]
[Date "2019.09.07"]
[Round "6.3"]
[White "Mikoteit, Siegfried"]
[Black "Koerlin, Hans Juergen"]
[Result "0-1"]
[WhiteElo "1314"]
[BlackElo "1916"]
[Annotator "hjk"]
[PlyCount "42"]
[EventDate "2019.09.??"]
[EventType "team-swiss"]
[EventRounds "7"]
[EventCountry "GER"]
[SourceTitle "XIX. DBMM 2019"]
[Source "FV Schach e.V."]
[SourceDate "2019.09.09"]
[SourceVersion "4"]
[SourceVersionDate "2019.10.16"]
[SourceQuality "1"]
[WhiteTeam "SG Airbus Bremen"]
[BlackTeam "BA Tempelhof Berlin"]
[WhiteTeamCountry "GER"]
[BlackTeamCountry "GER"]

1. e4 e5 2. Nf3 Nc6 3. d4 exd4 4. Nxd4 Nf6 5. Nc3 Bb4 6. Nxc6 bxc6 7. Bd3 O-O
8. Bg5 d5 9. O-O Re8 10. f3 Qd6 11. Ne2 Bc5+ 12. Kh1 dxe4 13. Bf4 exd3 14. Bxd6
dxe2 15. Bxc5 exd1=Q 16. Raxd1 Ba6 17. Rfe1 Bc4 18. a3 a5 19. Kg1 a4 20. Kf2
Reb8 21. Bd4 Nd5 0-1

[Event "XIX. DBMM Schach"]
[Site "Billerbeck"]
[Date "2019.09.07"]
[Round "6.4"]
[White "Baranowsky, Peter"]
[Black "Schroeder, Wilfried_x2"]
[Result "1-0"]
[WhiteElo "1804"]
[BlackElo "1400"]
[Annotator "pb"]
[PlyCount "53"]
[EventDate "2019.09.??"]
[EventType "team-swiss"]
[EventRounds "7"]
[EventCountry "GER"]
[SourceTitle "XIX. DBMM 2019"]
[Source "FV Schach e.V."]
[SourceDate "2019.09.09"]
[SourceVersion "4"]
[SourceVersionDate "2019.10.16"]
[SourceQuality "1"]
[WhiteTeam "BA Tempelhof Berlin"]
[BlackTeam "SG Airbus Bremen"]
[WhiteTeamCountry "GER"]
[BlackTeamCountry "GER"]

1. e4 e5 2. Nf3 Nc6 3. d4 exd4 4. Bc4 Bc5 5. c3 d6 6. b4 Bg4 7. bxc5 dxc5 8.
O-O Qd6 9. Bxf7+ Kxf7 10. Ng5+ Ke7 11. Qxg4 Nf6 12. Qh4 Ne5 13. Bf4 h6 14. Bxe5
Qxe5 15. f4 hxg5 16. Qxh8 Rxh8 17. fxe5 Nxe4 18. Re1 Rh4 19. g3 Rg4 20. Kg2 Ke6
21. cxd4 cxd4 22. Kf3 Kf5 23. Rg1 d3 24. h3 d2 25. hxg4+ Kxe5 26. Ke3 Nxg3 27.
Nxd2 1-0

[Event "XIX. DBMM Schach"]
[Site "Billerbeck"]
[Date "2019.09.07"]
[Round "6.1"]
[White "Floeter, Volker"]
[Black "Scheffner, Axel"]
[Result "0-1"]
[WhiteElo "1655"]
[BlackElo "2249"]
[Annotator "br"]
[PlyCount "60"]
[EventDate "2019.09.??"]
[EventType "team-swiss"]
[EventRounds "7"]
[EventCountry "GER"]
[SourceTitle "XIX. DBMM 2019"]
[Source "FV Schach e.V."]
[SourceDate "2019.09.09"]
[SourceVersion "4"]
[SourceVersionDate "2019.10.16"]
[SourceQuality "1"]
[WhiteTeam "abatec Billerbeck"]
[BlackTeam "Vodafone Duesseldorf"]
[WhiteTeamCountry "GER"]
[BlackTeamCountry "GER"]

1. Nf3 c6 2. c4 Nf6 3. g3 d5 4. b3 g6 5. Bb2 Bg7 6. Bg2 Qb6 7. Qc2 Na6 8. d3
dxc4 9. dxc4 Bf5 10. Qc1 Nb4 11. Na3 O-O 12. O-O Rad8 13. Nh4 Bg4 14. Re1 Rd7
15. h3 Be6 16. Nc2 Rfd8 17. Nxb4 Qxb4 18. Bc3 Qb6 19. Qa3 g5 20. Ba5 Qa6 21.
Nf3 Ne4 22. Rac1 h6 23. c5 Bc3 24. Rxc3 Nxc3 25. b4 Nxe2+ 26. Kh2 b6 27. Bf1
bxa5 28. Bxe2 Bc4 29. Qe3 Bxe2 30. Nxg5 Qd3 0-1

[Event "XIX. DBMM Schach"]
[Site "Billerbeck"]
[Date "2019.09.07"]
[Round "6.2"]
[White "Limbourg, Marina"]
[Black "Stegemann, Sven"]
[Result "1-0"]
[WhiteElo "2030"]
[BlackElo "1586"]
[Annotator "sst"]
[PlyCount "41"]
[EventDate "2019.09.??"]
[EventType "team-swiss"]
[EventRounds "7"]
[EventCountry "GER"]
[SourceTitle "XIX. DBMM 2019"]
[Source "FV Schach e.V."]
[SourceDate "2019.09.09"]
[SourceVersion "4"]
[SourceVersionDate "2019.10.16"]
[SourceQuality "1"]
[WhiteTeam "Vodafone Duesseldorf"]
[BlackTeam "abatec Billerbeck"]
[WhiteTeamCountry "GER"]
[BlackTeamCountry "GER"]

1. e4 e5 2. Nc3 Nf6 3. f4 d5 4. fxe5 Nxe4 5. d3 Qh4+ 6. g3 Nxg3 7. Nf3 Qh5 8.
Nxd5 Bg4 9. Bg2 Nxh1 10. Nxc7+ Kd7 11. Nxa8 Bxf3 12. Qxf3 Qxf3 13. Bxf3 Nc6 14.
Be3 Bb4+ 15. c3 Ba5 16. Bg4+ Ke8 17. d4 Ke7 18. b4 Rxa8 19. bxa5 Nxa5 20. Ke2
g6 21. Bg5+ 1-0

[Event "XIX. DBMM Schach"]
[Site "Billerbeck"]
[Date "2019.09.07"]
[Round "6.3"]
[White "Bechtloff, Horst"]
[Black "Hauck, Michael"]
[Result "0-1"]
[WhiteElo "1545"]
[BlackElo "1723"]
[Annotator "br"]
[PlyCount "84"]
[EventDate "2019.09.??"]
[EventType "team-swiss"]
[EventRounds "7"]
[EventCountry "GER"]
[SourceTitle "XIX. DBMM 2019"]
[Source "FV Schach e.V."]
[SourceDate "2019.09.09"]
[SourceVersion "4"]
[SourceVersionDate "2019.10.16"]
[SourceQuality "1"]
[WhiteTeam "abatec Billerbeck"]
[BlackTeam "Vodafone Duesseldorf"]
[WhiteTeamCountry "GER"]
[BlackTeamCountry "GER"]

1. d4 Nf6 2. Nf3 e6 3. c4 b6 4. Bg5 Bb4+ 5. Nc3 h6 6. Bh4 Bb7 7. e3 Na6 8. Bd3
c5 9. O-O cxd4 10. exd4 Be7 11. a3 O-O 12. Re1 d5 13. cxd5 Nxd5 14. Bxe7 Nxe7
15. Be4 Bxe4 16. Rxe4 Nc7 17. Rc1 Qd6 18. Qe2 Rac8 19. Rd1 a6 20. g3 b5 21. Re3
Rfd8 22. Red3 Ned5 23. Ne4 Qe7 24. Ne5 Ne8 25. Nc5 Rd6 26. Ne4 Rb6 27. Rf3 f6
28. Ng6 Qf7 29. Ne5 Qc7 30. Nd3 Rc6 31. Nec5 Qf7 32. Ne5 Qe7 33. Nxc6 Rxc6 34.
Re1 Nec7 35. Qe4 a5 36. h4 Rb6 37. h5 f5 38. Qd3 Qg5 39. Re5 Nf6 40. Qe3 Qxh5
41. Nxe6 Ng4 42. Nf4 Qh2+ 0-1

[Event "XIX. DBMM Schach"]
[Site "Billerbeck"]
[Date "2019.09.07"]
[Round "6.4"]
[White "Gurevich, Slavik"]
[Black "Tendam, Heiner"]
[Result "1-0"]
[WhiteElo "1799"]
[BlackElo "1550"]
[Annotator "br"]
[PlyCount "61"]
[EventDate "2019.09.??"]
[EventType "team-swiss"]
[EventRounds "7"]
[EventCountry "GER"]
[SourceTitle "XIX. DBMM 2019"]
[Source "FV Schach e.V."]
[SourceDate "2019.09.09"]
[SourceVersion "4"]
[SourceVersionDate "2019.10.16"]
[SourceQuality "1"]
[WhiteTeam "Vodafone Duesseldorf"]
[BlackTeam "abatec Billerbeck"]
[WhiteTeamCountry "GER"]
[BlackTeamCountry "GER"]

1. e4 e5 2. Nf3 d6 3. Bc4 Be7 4. O-O Nf6 5. d3 O-O 6. c3 Bg4 7. Be3 Nc6 8. b4
d5 9. exd5 Nxd5 10. b5 Na5 11. Bxd5 Qxd5 12. c4 Qe6 13. Nbd2 Rfd8 14. Qc2 b6
15. Rfe1 Bf5 16. Nxe5 Qf6 17. Ndf3 Bb4 18. Bg5 Qd6 19. Bxd8 Bxe1 20. Bxc7 Bxf2+
21. Qxf2 Qxc7 22. g4 Be6 23. Re1 f6 24. Nc6 Nxc6 25. Rxe6 Ne5 26. Nxe5 fxe5 27.
Qf5 Qc5+ 28. Qf2 Qa3 29. Qe2 Rf8 30. Rxe5 Qc1+ 31. Kg2 1-0

[Event "XIX. DBMM Schach"]
[Site "Billerbeck"]
[Date "2019.09.07"]
[Round "6.1"]
[White "Hufnagel, Markus"]
[Black "Boerger, Andreas"]
[Result "1/2-1/2"]
[WhiteElo "1679"]
[BlackElo "1768"]
[Annotator "br"]
[PlyCount "45"]
[EventDate "2019.09.??"]
[EventType "team-swiss"]
[EventRounds "7"]
[EventCountry "GER"]
[SourceTitle "XIX. DBMM 2019"]
[Source "FV Schach e.V."]
[SourceDate "2019.09.09"]
[SourceVersion "4"]
[SourceVersionDate "2019.10.16"]
[SourceQuality "1"]
[WhiteTeam "Deutsche Bahn Oberhausen"]
[BlackTeam "Westf. Provinzial-Versicherung Muenster"]
[WhiteTeamCountry "GER"]
[BlackTeamCountry "GER"]

1. c4 c5 2. Nc3 g6 3. g3 Bg7 4. Bg2 Nf6 5. d3 Nc6 6. e4 d6 7. Nge2 Bd7 8. O-O
Qc8 9. Nf4 Bg4 10. f3 Bd7 11. Be3 O-O 12. Qd2 Ne8 13. Rab1 Nc7 14. a3 a5 15.
Ncd5 Ra6 16. b4 axb4 17. axb4 cxb4 18. Nxb4 Ra3 19. Nbd5 Nxd5 20. Nxd5 e6 21.
Nb6 Qc7 22. Nxd7 Qxd7 23. Bf2 1/2-1/2

[Event "XIX. DBMM Schach"]
[Site "Billerbeck"]
[Date "2019.09.07"]
[Round "6.2"]
[White "Gerighausen, Karl Heinz"]
[Black "Engling, Dirk"]
[Result "1/2-1/2"]
[WhiteElo "1830"]
[BlackElo "1662"]
[Annotator "br"]
[PlyCount "34"]
[EventDate "2019.09.??"]
[EventType "team-swiss"]
[EventRounds "7"]
[EventCountry "GER"]
[SourceTitle "XIX. DBMM 2019"]
[Source "FV Schach e.V."]
[SourceDate "2019.09.09"]
[SourceVersion "4"]
[SourceVersionDate "2019.10.16"]
[SourceQuality "1"]
[WhiteTeam "Westf. Provinzial-Versicherung Muenster"]
[BlackTeam "Deutsche Bahn Oberhausen"]
[WhiteTeamCountry "GER"]
[BlackTeamCountry "GER"]

1. e4 e6 2. d4 d5 3. exd5 exd5 4. Nf3 Nf6 5. Bd3 Bd6 6. O-O O-O 7. Bg5 Bg4 8.
Re1 Nbd7 9. h3 Bh5 10. g4 Bg6 11. Ne5 Be7 12. Nxg6 hxg6 13. Nd2 Re8 14. Nf3 Nh7
15. Bxe7 Rxe7 16. Qd2 Rxe1+ 17. Rxe1 Nhf8 1/2-1/2

[Event "XIX. DBMM Schach"]
[Site "Billerbeck"]
[Date "2019.09.07"]
[Round "6.3"]
[White "Holdsch, Peter Michael"]
[Black "Kuestermann, Dieter"]
[Result "0-1"]
[WhiteElo "1634"]
[BlackElo "1810"]
[Annotator "br"]
[PlyCount "53"]
[EventDate "2019.09.??"]
[EventType "team-swiss"]
[EventRounds "7"]
[EventCountry "GER"]
[SourceTitle "XIX. DBMM 2019"]
[Source "FV Schach e.V."]
[SourceDate "2019.09.09"]
[SourceVersion "4"]
[SourceVersionDate "2019.10.16"]
[SourceQuality "1"]
[WhiteTeam "Deutsche Bahn Oberhausen"]
[BlackTeam "Westf. Provinzial-Versicherung Muenster"]
[WhiteTeamCountry "GER"]
[BlackTeamCountry "GER"]

1. Nf3 Nf6 2. d4 d5 3. e3 e6 4. Bd3 c5 5. b3 Nc6 6. c3 cxd4 7. exd4 Be7 8. Bg5
O-O 9. Nbd2 Qc7 10. Qc2 h6 11. Bh4 e5 12. Bg3 Bd6 13. dxe5 Nxe5 14. Nxe5 Bxe5
15. Bxe5 Qxe5+ 16. Kf1 Re8 17. Nf3 Qh5 18. Re1 Bg4 19. Be2 Rac8 20. Ng1 Ne4 21.
Bxg4 Qxg4 22. f3 Qf5 23. Qb2 Qf6 24. Ne2 Nxc3 25. Nxc3 Rxe1+ 26. Kxe1 Rxc3 27.
Kf2 0-1

[Event "XIX. DBMM Schach"]
[Site "Billerbeck"]
[Date "2019.09.07"]
[Round "6.4"]
[White "Keller, Hansjuergen"]
[Black "Grunwald, Guenther"]
[Result "1-0"]
[WhiteElo "1753"]
[BlackElo "1619"]
[Annotator "br"]
[PlyCount "53"]
[EventDate "2019.09.??"]
[EventType "team-swiss"]
[EventRounds "7"]
[EventCountry "GER"]
[SourceTitle "XIX. DBMM 2019"]
[Source "FV Schach e.V."]
[SourceDate "2019.09.09"]
[SourceVersion "4"]
[SourceVersionDate "2019.10.16"]
[SourceQuality "1"]
[WhiteTeam "Westf. Provinzial-Versicherung Muenster"]
[BlackTeam "Deutsche Bahn Oberhausen"]
[WhiteTeamCountry "GER"]
[BlackTeamCountry "GER"]

1. d4 d5 2. Bf4 Nf6 3. e3 e6 4. Nf3 c5 5. c3 Nc6 6. Bd3 a6 7. Nbd2 b5 8. Ne5
Bb7 9. Ndf3 c4 10. Bc2 b4 11. Nxc6 Bxc6 12. Ne5 Bb7 13. Ba4+ Ke7 14. cxb4 h6
15. O-O Qb6 16. a3 Rc8 17. Rc1 Bc6 18. Bxc6 Rxc6 19. Nxc6+ Qxc6 20. b3 g5 21.
Be5 Bg7 22. bxc4 dxc4 23. Qf3 Qb5 24. Rfd1 Rc8 25. d5 exd5 26. Bxf6+ Bxf6 27.
Rxd5 1-0

[Event "XIX. DBMM Schach"]
[Site "Billerbeck"]
[Date "2019.09.07"]
[Round "6.1"]
[White "Hartmann, Jens"]
[Black "Warnest, Stefan"]
[Result "1-0"]
[WhiteElo "1799"]
[BlackElo "1601"]
[Annotator "sw"]
[PlyCount "67"]
[EventDate "2019.09.??"]
[EventType "team-swiss"]
[EventRounds "7"]
[EventCountry "GER"]
[SourceTitle "XIX. DBMM 2019"]
[Source "FV Schach e.V."]
[SourceDate "2019.09.09"]
[SourceVersion "4"]
[SourceVersionDate "2019.10.16"]
[SourceQuality "1"]
[WhiteTeam "Baubehoerde Hamburg II"]
[BlackTeam "BA Tempelhof Berlin II"]
[WhiteTeamCountry "GER"]
[BlackTeamCountry "GER"]

1. e4 c6 2. d4 d5 3. e5 Bf5 4. Bd3 Bxd3 5. Qxd3 e6 6. Ne2 Nd7 7. O-O c5 8. c3
cxd4 9. cxd4 Ne7 10. Bg5 h6 11. Bh4 g5 12. Bg3 Nf5 13. Nbc3 a6 14. Rac1 Nxg3
15. fxg3 Bb4 16. Nd1 O-O 17. Ne3 h5 18. Rf2 g4 19. Rcf1 Qg5 20. Nf4 Nxe5 21.
dxe5 Qxe5 22. Kh1 Bc5 23. Re2 Bxe3 24. Rxe3 Qg5 25. Qd4 Qg7 26. Qe5 d4 27. Nxh5
Qxe5 28. Rxe5 Rad8 29. Nf6+ Kg7 30. Nxg4 f5 31. Nf2 Rfe8 32. Nd3 b6 33. g4 fxg4
34. Rg5+ 1-0

[Event "XIX. DBMM Schach"]
[Site "Billerbeck"]
[Date "2019.09.07"]
[Round "6.2"]
[White "Schneider, Eckehard"]
[Black "Hoffeins, Hans Werner"]
[Result "1-0"]
[WhiteElo "1732"]
[BlackElo "1565"]
[Annotator "br"]
[PlyCount "51"]
[EventDate "2019.09.??"]
[EventType "team-swiss"]
[EventRounds "7"]
[EventCountry "GER"]
[SourceTitle "XIX. DBMM 2019"]
[Source "FV Schach e.V."]
[SourceDate "2019.09.09"]
[SourceVersion "4"]
[SourceVersionDate "2019.10.16"]
[SourceQuality "1"]
[WhiteTeam "BA Tempelhof Berlin II"]
[BlackTeam "Baubehoerde Hamburg II"]
[WhiteTeamCountry "GER"]
[BlackTeamCountry "GER"]

1. e4 d6 2. d4 Nf6 3. Nc3 g6 4. f4 Bg7 5. Nf3 Bg4 6. Be2 O-O 7. h3 Bxf3 8. Bxf3
c6 9. Be3 Na6 10. Qd2 Nc7 11. O-O-O d5 12. e5 Nd7 13. g4 e6 14. g5 b5 15. h4
Re8 16. h5 a5 17. hxg6 hxg6 18. Kb1 a4 19. Ne2 Qe7 20. Nc1 Rec8 21. Nd3 Na6 22.
Nf2 c5 23. Ng4 cxd4 24. Bxd4 Qb4 25. c3 Qa5 26. Nf6+ 1-0

[Event "XIX. DBMM Schach"]
[Site "Billerbeck"]
[Date "2019.09.07"]
[Round "6.3"]
[White "Lindemann, Thomas"]
[Black "Quast, Michael_x2"]
[Result "0-1"]
[WhiteElo "1537"]
[BlackElo "1806"]
[Annotator "mq"]
[PlyCount "74"]
[EventDate "2019.09.??"]
[EventType "team-swiss"]
[EventRounds "7"]
[EventCountry "GER"]
[SourceTitle "XIX. DBMM 2019"]
[Source "FV Schach e.V."]
[SourceDate "2019.09.09"]
[SourceVersion "4"]
[SourceVersionDate "2019.10.16"]
[SourceQuality "1"]
[WhiteTeam "Baubehoerde Hamburg II"]
[BlackTeam "BA Tempelhof Berlin II"]
[WhiteTeamCountry "GER"]
[BlackTeamCountry "GER"]

1. e4 b6 2. f4 Bb7 3. Nc3 e6 4. d4 Bb4 5. Bd3 f5 6. Qe2 Nf6 7. e5 Nd5 8. Bd2
Qh4+ 9. g3 Qg4 10. Nb5 Bxd2+ 11. Kxd2 a6 12. Qxg4 fxg4 13. Na3 Nb4 14. Ne2 Bxh1
15. Rxh1 Nxd3 16. Kxd3 Nc6 17. Nc4 Nb4+ 18. Ke4 O-O-O 19. c3 Nc6 20. a3 b5 21.
Ne3 h5 22. Ra1 d5+ 23. Kd3 Na5 24. Ra2 Nc4 25. Ng2 Kd7 26. Nc1 Na5 27. a4 Ra8
28. b4 Nb7 29. a5 Raf8 30. Ke3 g5 31. Nd3 h4 32. fxg5 Rf3+ 33. Ke2 hxg3 34.
hxg3 Rh2 35. Ndf4 Rxf4 36. Kd3 Rxg2 37. g6 Ke7 0-1

[Event "XIX. DBMM Schach"]
[Site "Billerbeck"]
[Date "2019.09.07"]
[Round "6.4"]
[White "Mahler, Sonja"]
[Black "Hein, Andrea"]
[Result "1-0"]
[WhiteElo "1428"]
[BlackElo "1457"]
[Annotator "br"]
[PlyCount "53"]
[EventDate "2019.09.??"]
[EventType "team-swiss"]
[EventRounds "7"]
[EventCountry "GER"]
[SourceTitle "XIX. DBMM 2019"]
[Source "FV Schach e.V."]
[SourceDate "2019.09.09"]
[SourceVersion "4"]
[SourceVersionDate "2019.10.16"]
[SourceQuality "1"]
[WhiteTeam "BA Tempelhof Berlin II"]
[BlackTeam "Baubehoerde Hamburg II"]
[WhiteTeamCountry "GER"]
[BlackTeamCountry "GER"]

1. d4 d5 2. Bf4 Nc6 3. e3 Bd7 4. Nc3 Nf6 5. a3 a6 6. Bd3 e6 7. Na2 Be7 8. c4
dxc4 9. Bxc4 h6 10. Nc3 O-O 11. Bg3 Rc8 12. Ba2 Re8 13. Bb1 Bd6 14. Bh4 Be7 15.
Qc2 g6 16. Nf3 Nd5 17. Bg3 Bf6 18. Ne4 Kg7 19. h4 h5 20. Nc5 Rb8 21. e4 Nb6 22.
e5 Be7 23. Ne4 Nd5 24. O-O Rc8 25. Rd1 Na7 26. Neg5 c5 27. Nxf7 1-0

[Event "XIX. DBMM Schach"]
[Site "Billerbeck"]
[Date "2019.09.08"]
[Round "7.1"]
[White "Seger, Ruediger"]
[Black "Schramm, Christian"]
[Result "1/2-1/2"]
[WhiteElo "2332"]
[BlackElo "2361"]
[Annotator "dgt"]
[PlyCount "84"]
[EventDate "2019.09.??"]
[EventType "team-swiss"]
[EventRounds "7"]
[EventCountry "GER"]
[SourceTitle "XIX. DBMM 2019"]
[Source "FV Schach e.V."]
[SourceDate "2019.09.09"]
[SourceVersion "4"]
[SourceVersionDate "2019.10.16"]
[SourceQuality "1"]
[WhiteTeam "Deutsche Post Bonn"]
[BlackTeam "AGI Frankfurt"]
[WhiteTeamCountry "GER"]
[BlackTeamCountry "GER"]

1. e4 c5 2. c3 b6 3. Nf3 Bb7 4. Bd3 Qc7 5. O-O g5 6. Nxg5 Nf6 7. Bc4 e6 8. d3
h6 9. Nf3 Nc6 10. Re1 O-O-O 11. Nbd2 d5 12. Bb5 a6 13. Bxc6 Bxc6 14. e5 Ne8 15.
d4 Bb5 16. Nf1 Bxf1 17. Kxf1 Be7 18. Be3 Qc6 19. a4 c4 20. Qd2 h5 21. Bg5 Qd7
22. h4 Ng7 23. b3 cxb3 24. Reb1 Bxg5 25. Nxg5 Kb7 26. Rxb3 Ka7 27. Rab1 Rb8 28.
Qb2 Qc7 29. Ke1 Rb7 30. Qa3 Nf5 31. g3 Rc8 32. Nh3 Ne7 33. a5 b5 34. Nf4 Nc6
35. Qc5+ Ka8 36. Nxh5 Qb8 37. Qd6 Qxd6 38. exd6 Ka7 39. Nf6 Nxa5 40. d7 Rd8 41.
Ra3 Nc6 42. h5 Nb8 1/2-1/2

[Event "XIX. DBMM Schach"]
[Site "Billerbeck"]
[Date "2019.09.08"]
[Round "7.2"]
[White "Rietze, Clemens"]
[Black "Stanetzek, Carsten"]
[Result "1-0"]
[WhiteElo "2279"]
[BlackElo "2157"]
[Annotator "dgt"]
[PlyCount "51"]
[EventDate "2019.09.??"]
[EventType "team-swiss"]
[EventRounds "7"]
[EventCountry "GER"]
[SourceTitle "XIX. DBMM 2019"]
[Source "FV Schach e.V."]
[SourceDate "2019.09.09"]
[SourceVersion "4"]
[SourceVersionDate "2019.10.16"]
[SourceQuality "1"]
[WhiteTeam "AGI Frankfurt"]
[BlackTeam "Deutsche Post Bonn"]
[WhiteTeamCountry "GER"]
[BlackTeamCountry "GER"]

1. d4 d5 2. c4 c6 3. Nf3 Nf6 4. Nc3 dxc4 5. a4 Bf5 6. Ne5 Nbd7 7. Nxc4 Qc7 8.
g3 e5 9. dxe5 Nxe5 10. Bf4 Nfd7 11. Bg2 g5 12. Ne3 gxf4 13. Nxf5 fxg3 14. hxg3
O-O-O 15. Qc2 Nf6 16. O-O h5 17. a5 a6 18. Ra4 Kb8 19. e3 Nfg4 20. Rd1 Bc5 21.
Ne4 Rxd1+ 22. Qxd1 Rd8 23. Qe2 Nd3 24. Nd4 Bxd4 25. exd4 Ndxf2 26. Nxf2 1-0